Statistiques concernant Les 130 plus grands joueurs de football

Cliquez ici pour prendre le quiz!

Statistiques générales

  • Ce quiz a été pris 142 fois
  • Le résultat moyen est 50 sur 130

Statistiques - réponses

PaysJoueur% Correct
PortugalCristiano Ronaldo
97%
ArgentineLionel Messi
96%
BrésilRonaldo Nazario
96%
BrésilPelé
88%
FranceZinedine Zidane
83%
ArgentineDiego Maradona
80%
BrésilRonaldinho
77%
FranceThierry Henry
77%
EspagneAndres Iniesta
76%
EspagneXavi
75%
ItaliePaolo Maldini
71%
CroatieLuka Modric
68%
AllemagneGerd Muller
67%
FranceMichel Platini
67%
AllemagneThomas Muller
67%
UruguayLuis Suarez
66%
EspagneLuis Suarez Miramontes
66%
Pays-BasJohan Cruyff
65%
SuèdeZlatan Ibrahimovic
64%
FranceKarim Benzema
61%
Cote d'IvoireDidier Drogba
60%
AllemagneOliver Kahn
60%
AngleterreWayne Rooney
60%
CamerounSamuel Etoo
59%
Pays-BasRuud Gullit
58%
HongrieFerenc Puskas
57%
BrésilKaka
57%
ItalieGianluigi Buffon
56%
Irlande du NordGeorge Best
55%
AllemagnePhilipp Lahm
55%
BrésilRobert Carlos
55%
EspagneSergio Ramos
54%
AllemagneManuel Neuer
53%
PologneRobert Lewandowski
53%
EspagneCarles Puyol
51%
ItalieAlessandro Nesta
50%
EspagneIker Casillas
50%
ItalieLuigi Riva
50%
FranceAntoine Griezmann
49%
LibériaGeorge Weah
48%
BelgiqueKevin De Bruyne
48%
Pays-BasMarco Van Basten
48%
ItalieFabio Cannavaro
47%
AngleterreFrank Lampard
47%
PortugalLuis Figo
47%
UkraineAndrey Shevchenko
46%
FranceDidier Deschamps
46%
République TchèquePavel Nedved
46%
Pays-BasArjen Robben
45%
PortugalEusebio
45%
FranceLaurent Blanc
44%
AllemagneFranz Beckenbauer
43%
FrancePatrick Vieira
43%
BrésilRivaldo
43%
BrésilCafu
41%
FranceRaymond Kopa
41%
EspagneDavid Villa
40%
EspagneFernando Torres
40%
AngleterreSteven Gerrard
40%
AngleterreBobby Charlton
39%
AngleterreDavid Beckham
39%
FranceDavid Trezeguet
39%
BrésilGarrincha
39%
EspagneSergio Busquets
39%
ItalieAndrea Pirlo
38%
FranceMarcel Desailly
37%
ItalieRoberto Baggio
37%
ItalieAlessandro Del Piero
35%
FranceJust Fontaine
35%
ArgentineAlfredo Di Stefano
34%
EspagneRaul
34%
DanemarkMichael Laudrup
33%
AngleterreMichael Owen
33%
FranceLilian Thuram
32%
BrésilZico
31%
CroatieDavor Suker
30%
BrésilDani Alves
29%
Pays-BasFrank Rijkaard
29%
RussieLev Yachine
29%
AllemagneLothar Matthaus
29%
AllemagneMiroslav Klose
29%
BrésilRomario
29%
FranceEric Cantona
28%
ItalieFranco Baresi
28%
FranceClaude Makelele
27%
Pays-BasEdwin Van Der Sar
27%
IrlandeRoy Keane
27%
Pays-BasRuud Van Nistelrooy
27%
BrésilMarcelo
26%
BrésilSocrates
26%
AngleterreBobby Moore
25%
BulgarieHristo Stoichkov
25%
GhanaMichael Essien
25%
HongrieFlorian Albert
24%
ItalieGennaro Gattuso
23%
BrésilJairzinho
23%
AngleterrePaul Scholes
23%
Pays-BasRonald Koeman
23%
PortugalDeco
22%
ItalieFilippo Inzaghi
22%
DanemarkPeter Schmeichel
22%
AngleterreRio Ferdinand
22%
ArgentineJuan Riquelme
21%
SerbieNemanja Vidic
21%
Pays-BasClarence Seedorf
20%
FinlandeJari Litmanen
20%
AllemagneMichael Ballack
18%
AngleterreAlan Shearer
16%
Pays-BasEdgar Davids
16%
ArgentineJavier Zanetti
16%
Pays-BasDennis Bergkamp
15%
EspagneFernando Hierro
15%
ItalieDino Zoff
14%
Pays-BasWesley Sneijder
13%
AllemagneKarl Heinz Rummenigge
12%
AngleterreKevin Keegan
11%
ItalieGiuseppe Meazza
9%
ArgentineMario Kempes
9%
AllemagneMatthias Sammer
8%
AngleterreStanley Matthews
8%
ItalieGianni Rivera
7%
EcosseDenis Law
6%
République TchèqueJosef Masopust
5%
UkraineOleg Blokhine
5%
UruguayEnzo Francescoli
4%
Pays-BasJaap Stam
4%
Pays-BasJohan Neeskens
4%
EspagnePaco Gento
4%
République TchèqueJosef Bican
2%
ItalieOmar Sivori
2%

Distribution des résultats

Percentile par nombre de réponses

% des personnes avec chaque résultat

Votre développement - résultats

Vous n’avez pas pris ce quiz